000 00587nam a2200193Ia 4500
005 20250508160335.0
008 008 250505s9999 xx 000 0 eng d
037 _aBooks to be hide in OPAC
040 _aFEDL
_beng
_cFEDL
041 _aeng
_2eng
084 _a016.3755, NCE
_qFEDL
100 _aSood J K
_9562860
245 0 _aBibliography on science education
260 _aNew Delhi, India
_bNational Council of Educational Research and Training
_c1972
300 _a83p.
650 _aBibliographies
942 _cHB
_h016.3755, NCE
999 _c1363849
_d1363849